| 000 | 00880cab a2200253 4500 | ||
|---|---|---|---|
| 001 | WB3413-23 | ||
| 008 | 090401t1998 xxu||||| |||| 00| 0 eng d | ||
| 035 | _a(Sirsi) u85326 | ||
| 041 | _aeng | ||
| 245 | _aSerplan`s countryside threat | ||
| 260 | _c1998 | ||
| 350 | _a0 | ||
| 490 |
_aDaily Telegraph _v30 March 1998, 1&4 |
||
| 490 |
_aFinancial Times _v31 March 1998, 12(3) |
||
| 520 | _aDetails Serplan`s housing strategy for the South East between 2006 and 2016 with plans to build on greenfield sites but reduces the estimated number of new homes needed. Map. Hertfordshire CC are to challenge the decision to build 65,000 homes in Hertfordshire. | ||
| 650 | _aGREENFIELD SITES | ||
| 650 | _aHOUSEHOLD PROJECTIONS | ||
| 650 | _aNEW HOMES | ||
| 650 | _aSERPLAN | ||
| 650 | _aSOUTH EAST | ||
| 690 | _aHOUSING-DEVELOPMENT | ||
| 942 | _n0 | ||
| 948 | _c31/03/1998 | ||
| 999 |
_c53649 _d53649 |
||